Das Haus Zur ballspielenden Katze ; Pierre Grassou /

Hlavní autor: Balzac, Honoré de, 1799-1850
Jazyk: Němčina
Vydáno: Berlin : Henschelverlag, 1964
Edice: Künstlergeschichten
Témata:
Fyzický popis: 184 s. : il. ; 20 cm
Knihy
Uloženo v:
LEADER 01072nam a2200313 a 4500
001 001295019
003 CZ BrMZK
005 20130624155054.0
007 ta
008 130521s1964 gw a g 000 f ger
020 |q (Váz.) 
040 |a BOA001  |b cze 
041 1 |a ger  |h fre 
072 7 |a 821.133.1-3  |x Francouzská próza, francouzsky psaná  |2 Konspekt  |9 25 
080 |a 821.133.1-31  |2 MRF 
080 |a (0:82-31)  |2 MRF 
100 1 |a Balzac, Honoré de,  |d 1799-1850  |7 jn19990000418  |4 aut 
245 1 4 |a Das Haus Zur ballspielenden Katze ;  |b Pierre Grassou /  |c Honoré de Balzac ; [übersetzt von Otto Flake] 
260 |a Berlin :  |b Henschelverlag,  |c 1964 
300 |a 184 s. :  |b il. ;  |c 20 cm 
490 1 |a Künstlergeschichten ;  |v Bd. 19 
500 |a Přeloženo z francouzštiny 
655 7 |a francouzské romány  |7 fd132289  |2 czenas 
740 0 2 |a Pierre Grassou 
830 0 |a Künstlergeschichten 
910 |a BOA001  |b 1-1303.648 
990 |a BK 
991 |b 201306  |e b 
996 7 |b 2610553205  |c 1-1303.648  |l MZK  |r Sklad / do 1 hodiny  |n 0  |p dar  |w 001336876  |u 000010  |a 1  |e BOA001  |j MZK50  |s A